Online
Catalog

Un cocodrilo para desayunar : (Record no. 35225)

MARC details
000 -CABECERA
campo de control de longitud fija 00782nam a2200205 a 4500
001 - NÚMERO DE CONTROL
campo de control 000035734
005 - FECHA Y HORA DE LA ÚLTIMA TRANSACCIÓN
campo de control 20200930074553.0
008 - DATOS DE LONGITUD FIJA--INFORMACIÓN GENERAL
campo de control de longitud fija 111109s1981 sp a 000 1 spa d
040 ## - FUENTE DE LA CATALOGACIÓN
Centro catalogador/agencia de origen DO-SdBNP
Lengua de catalogación spa
Centro/agencia transcriptor BNPHU
082 ## - NÚMERO DE LA CLASIFICACIÓN DECIMAL DEWEY
Número de clasificación xxxx
100 1# - ENTRADA PRINCIPAL--NOMBRE DE PERSONA
Nombre de persona Dröscher, Vitus B.,
Fechas asociadas al nombre 1925-
9 (RLIN) 61672
240 10 - TÍTULO UNIFORME
Título uniforme Ein Krokodil zum frühstück
Lenguaje de la obra Español
245 13 - MENCIÓN DE TÍTULO
Título Un cocodrilo para desayunar :
Resto del título historias sorprendentes de la conducta animal /
Mención de responsabilidad, etc. Vitus B. Droscher ; traducción del alemán por Joaquín Adsuar Ortega.
260 ## - PUBLICACIÓN, DISTRIBUCIÓN, ETC.
Lugar de publicación, distribución, etc. Barcelona :
Nombre del editor, distribuidor, etc. Planeta,
Fecha de publicación, distribución, etc. 1981.
300 ## - DESCRIPCIÓN FÍSICA
Extensión 275 p. ; :
Otras características físicas il. ;
Dimensiones 24 cm.
490 1# - MENCIÓN DE SERIE
Mención de serie Al filo del tiempo.
-- Ensayo
500 ## - NOTA GENERAL
Nota general Índice onomástico y de materia
700 1# - PUNTO DE ACCESO ADICIONAL--NOMBRE DE PERSONA
Nombre de persona Adsuar Ortega, Joaquín María,
Término indicativo de función/relación tr.
9 (RLIN) 50655
830 #0 - PUNTO DE ACCESO ADICIONAL DE SERIE-TÍTULO UNIFORME
Título uniforme Al filo del tiempo.
Nombre de parte o sección de la obra Ensayo
9 (RLIN) 61673
Holdings
Estado de retiro Estado de pérdida Restricciones de uso No para préstamo Código de colección Localización permanente Ubicación/localización actual Ubicación en estantería Fecha de adquisición Número de inventario Total de préstamos Signatura topográfica completa Código de barras Fecha visto por última vez Precio válido a partir de Tipo de ítem Koha Nota pública
        Monografías: Libros y Folletos General General Orden iniciada 09.11.2011 LF1   xxxx 35734-10 25.06.2020 25.06.2020 No se presta Perteneció a la biblioteca personal de Juan Isidro Jimenes -Grullón

Powered by Koha